[Event "ACP-Knockout-2020-Open R1"]
[Site "Emanuel Lasker Arena"]
[Date "2020.07.24"]
[Round "1.3"]
[White "Alex Donchenko"]
[Black "Vaisser"]
[Result "1-0"]
[WhiteElo "1912"]
[BlackElo "2510"]
[Annotator "TA"]
[PlyCount "103"]
[EventDate "2020.07.24"]
[EventType "match (blitz)"]

{[%evp 16,103,30,39,39,38,25,46,54,38,51,58,118,118,279,250,252,249,333,306,320,303,381,267,269,265,265,205,198,210,211,201,223,229,238,225,257,250,249,211,214,220,209,207,206,187,194,189,191,19,17,17,18,0,0,0,29,22,29,25,49,41,46,37,52,41,52,39,46,46,148,136,140,137,380,371,641,808,768,760,710,704,956,916,29984,29985,29984,29985,29987,29988]} 1. c4 f5 2. g3 Nf6 3. Bg2 g6 4. d4 d6 5. Nc3 Bg7 6. Nf3 O-O 7. O-O c6 8. Re1 Ne4 9. Qc2 Nxc3 {A88: Dutch Defence: Leningrad System: 5 Nf3 0-0 6 0-0 d6 7 Nc3 c6.} 10. bxc3 e5 {[#]} 11. Bg5 $146 ({Predecessor:} 11. dxe5 dxe5 12. Ba3 Re8 13. Rad1 Qf6 14. e4 f4 15. Rd6 Be6 16. Bh3 Bf8 17. Rxe6 Rxe6 18. Bxe6+ Qxe6 19. Bxf8 Kxf8 {½-½ (44) Gozzoli,Y (2614)-Moussard,J (2595) Chartres 2019}) 11... Qe8 {White is slightly better.} 12. e4 $1 fxe4 13. Qxe4 Bf5 {[#]} (13... h6 $14) 14. Qh4 $1 $36 {[%mdl 2048] White is in control.} e4 $2 (14... Nd7 $16) 15. Nd2 d5 16. f3 {[%cal Rf3e4]} Qf7 17. cxd5 cxd5 18. fxe4 dxe4 19. Nxe4 Bxe4 20. Qxe4 Nc6 21. Qd5 Qxd5 22. Bxd5+ Kh8 23. Be3 Na5 24. Rab1 {Rb5 is the strong threat.} Rac8 25. Bd2 b6 26. Re7 Rfd8 27. Be6 Re8 28. Rxe8+ Rxe8 29. Re1 Bf6 30. Bd5 Rd8 31. Bh6 Bg7 32. Bg5 $2 (32. Bxg7+ $18 Kxg7 33. Re7+ Kf8 34. Rf7+ (34. Rxh7 Rxd5 35. Rxa7 Rb5 $17) 34... Ke8 35. Be6 (35. Rxa7 Rxd5 36. Rxh7 Rd6 $15)) 32... Bxd4+ $1 $11 33. cxd4 {[%cal Rg5f6] [#]} Rxd5 {[%mdl 4096] Endgame KRB-KRN} 34. Bf6+ Kg8 35. Re7 Nc6 36. Rg7+ Kf8 {Threatens to win with ...Rd6.} 37. Rxh7 Rf5 38. Bh8 Ra5 39. Rc7 Ne7 40. Be5 {And now Bd6 would win.} Nd5 41. Rc2 Kf7 42. h4 Nb4 (42... Ke6 $14) 43. Rf2+ $16 Ke7 44. Rf6 Rxa2 $2 (44... Nd3 $16) 45. Rxg6 $18 Nd5 $2 (45... Rd2 46. h5 Nd3) 46. h5 Ra1+ 47. Kh2 Ra2+ 48. Kh3 Ne3 49. h6 {Hoping for d5!} Nf1 50. g4 {White mates.} Ra3+ 51. Kh4 Ne3 52. Bd6+ {[%mdl 64] Double Attack. Accuracy: White = 85%, Black = 56%.} 1-0

[Event "ACP-Knockout-2020-Open R1"]
[Site "Emanuel Lasker Arena"]
[Date "2020.07.24"]
[Round "1.3"]
[White "Danyuffa"]
[Black "IGaponenko"]
[Result "1-0"]
[WhiteElo "1620"]
[BlackElo "1476"]
[Annotator "NA"]
[PlyCount "93"]
[EventDate "2020.07.24"]
[EventType "match (blitz)"]

1. Nf3 {[%emt 0:00:03]} d5 {[%emt 0:00:10]} 2. g3 {[%emt 0:00:01]} c6 {[%emt 0:00:01]} 3. Bg2 {[%emt 0:00:01]} Bf5 {[%emt 0:00:01]} 4. O-O {[%emt 0:00:01]} e6 {[%emt 0:00:01]} 5. d3 {[%emt 0:00:01]} Nf6 {[%emt 0:00:02]} 6. Nc3 {[%emt 0:00:05]} Be7 {[%emt 0:00:03]} 7. Nd2 {[%emt 0:00:02]} h6 {[%emt 0:00:03]} 8. e4 {[%emt 0:00:01]} Bh7 {[%emt 0:00:02]} 9. f4 {[%emt 0:00:02]} O-O {[%emt 0:00:03]} 10. g4 {[%emt 0:00:23]} Nfd7 {[%emt 0:00:43]} 11. Nf3 {[%emt 0:00:31]} Nc5 {[%emt 0:00:34]} 12. e5 {[%emt 0:00:11]} f6 {[%emt 0:00:58]} 13. exf6 {[%emt 0:00:46]} Bxf6 {[%emt 0:00:04]} 14. Qe2 {[%emt 0:00:06]} Nba6 {[%emt 0:03:01]} 15. Kh1 {[%emt 0:00:19]} Be7 {[%emt 0:02:20]} 16. a3 {[%emt 0:00:17]} Nc7 {[%emt 0:00:10]} 17. Bd2 {[%emt 0:00:28]} Nd7 {[%emt 0:00:16]} 18. Rae1 {[%emt 0:00:12]} Bd6 {[%emt 0:01:46]} 19. Ne5 {[%emt 0:00:37]} Bxe5 {[%emt 0:00:04]} 20. fxe5 {[%emt 0:00:02]} Qh4 {[%emt 0:00:27]} 21. Bf4 {[%emt 0:00:14]} d4 {[%emt 0:00:12]} 22. Bg3 {[%emt 0:00:08]} Qe7 {[%emt 0:00:03]} 23. Ne4 {[%emt 0:00:08]} Nd5 {[%emt 0:00:02]} 24. Nd6 {[%emt 0:00:31]} Ne3 {[%emt 0:00:03]} 25. Rf4 {[%emt 0:00:30]} Rxf4 {[%emt 0:00:35]} 26. Bxf4 {[%emt 0:00:02]} Nxg2 {[%emt 0:00:01]} 27. Qxg2 {[%emt 0:00:07]} g5 {[%emt 0:00:05]} 28. Bg3 {[%emt 0:00:10]} Nb6 {[%emt 0:00:17]} 29. Qf2 {[%emt 0:00:29]} c5 {[%emt 0:00:06]} 30. Qf6 {[%emt 0:00:02]} Nd5 {[%emt 0:00:13]} 31. Qxe7 {[%emt 0:00:18]} Nxe7 {[%emt 0:00:02]} 32. Nxb7 {[%emt 0:00:01]} Rb8 {[%emt 0:00:01]} 33. Nxc5 {[%emt 0:00:01]} Rxb2 {[%emt 0:00:01]} 34. Nxe6 {[%emt 0:00:03]} Rxc2 {[%emt 0:00:02]} 35. Nxd4 {[%emt 0:00:17]} Ra2 {[%emt 0:00:07]} 36. e6 {[%emt 0:00:11]} Bxd3 {[%emt 0:00:03]} 37. Bd6 {[%emt 0:00:08]} Nc8 {[%emt 0:00:23]} 38. Bc5 {[%emt 0:00:03]} Bg6 {[%emt 0:00:02]} 39. e7 {[%emt 0:00:04]} Be8 {[%emt 0:00:02]} 40. Rf1 {[%emt 0:00:05]} Nxe7 {[%emt 0:00:06]} 41. Bxe7 {[%emt 0:00:02]} Bd7 {[%emt 0:00:05]} 42. Rf8+ {[%emt 0:00:08]} Kg7 {[%emt 0:00:02]} 43. Nf5+ {[%emt 0:00:01]} Kg6 {[%emt 0:00:05]} 44. Rf6+ {[%emt 0:00:08]} Kh7 {[%emt 0:00:01]} 45. Rf7+ {[%emt 0:00:07]} Kg8 {[%emt 0:00:07]} 46. Nxh6+ {[%emt 0:00:02]} Kh8 {[%emt 0:00:02]} 47. Bf6# {[%emt 0:00:01] (Lag: Av=0.71s, max=1.2s)} 1-0

[Event "ACP-Knockout-2020-Open R1"]
[Site "Emanuel Lasker Arena"]
[Date "2020.07.24"]
[Round "1.3"]
[White "Evgeny_Romanov"]
[Black "Crg"]
[Result "0-1"]
[WhiteElo "1620"]
[BlackElo "2252"]
[PlyCount "98"]
[EventDate "2020.07.24"]
[EventType "match (blitz)"]

1. d4 {[%emt 0:00:04]} f5 {[%emt 0:00:02]} 2. c4 {[%emt 0:00:05]} Nf6 {[%emt 0:00:01]} 3. Nc3 {[%emt 0:00:01]} d6 {[%emt 0:00:01]} 4. Bg5 {[%emt 0:00:03]} Nbd7 {[%emt 0:00:01]} 5. e3 {[%emt 0:00:01]} g6 {[%emt 0:00:02]} 6. Bd3 {[%emt 0:00:03]} Bg7 {[%emt 0:00:01]} 7. Nge2 {[%emt 0:00:02]} O-O {[%emt 0:00:02]} 8. O-O {[%emt 0:00:03]} c6 {[%emt 0:00:01]} 9. f3 {[%emt 0:00:04]} e5 {[%emt 0:00:07]} 10. Kh1 {[%emt 0:00:11]} b6 {[%emt 0:00:18]} 11. Qc2 {[%emt 0:00:34]} Bb7 {[%emt 0:00:05]} 12. Rad1 {[%emt 0:00:02]} Qe7 {[%emt 0:00:02]} 13. b4 {[%emt 0:00:36]} Rae8 {[%emt 0:00:03]} 14. Qb3 {[%emt 0:00:04]} Kh8 {[%emt 0:00:06]} 15. b5 {[%emt 0:00:45]} c5 {[%emt 0:00:07]} 16. dxe5 {[%emt 0:00:10]} Nxe5 {[%emt 0:00:10]} 17. Nf4 {[%emt 0:00:27]} Qf7 {[%emt 0:00:24]} 18. Be2 {[%emt 0:00:15]} h6 {[%emt 0:00:01]} 19. Bxf6 {[%emt 0:00:07]} Qxf6 {[%emt 0:00:00]} 20. Nfd5 {[%emt 0:00:12]} Qf7 {[%emt 0:00:33]} 21. a4 {[%emt 0:00:33]} Nd7 {[%emt 0:00:16]} 22. f4 {[%emt 0:00:37]} Nf6 {[%emt 0:01:10]} 23. Bf3 {[%emt 0:00:03]} Nxd5 {[%emt 0:00:01]} 24. Nxd5 {[%emt 0:00:52]} g5 {[%emt 0:00:03]} 25. fxg5 {[%emt 0:03:39]} hxg5 {[%emt 0:00:00]} 26. Qc2 {[%emt 0:00:01]} Be5 {[%emt 0:01:07]} 27. g3 {[%emt 0:00:32]} Qh7 {[%emt 0:00:04]} 28. Kg1 {[%emt 0:00:14]} Rf7 {[%emt 0:01:22]} 29. Qg2 {[%emt 0:00:15]} g4 {[%emt 0:01:38]} 30. Be2 {[%emt 0:00:03]} Bg7 {[%emt 0:00:01]} 31. Qf2 {[%emt 0:01:08]} Bxd5 {[%emt 0:01:59]} 32. Rxd5 {[%emt 0:00:10]} Bh6 {[%emt 0:00:02]} 33. Rd3 {[%emt 0:00:25]} Qg6 {[%emt 0:00:02]} 34. Kh1 {[%emt 0:00:06]} Re5 {[%emt 0:00:06]} 35. Rfd1 {[%emt 0:00:07]} Rf6 {[%emt 0:00:01]} 36. Bf1 {[%emt 0:00:16]} Rfe6 {[%emt 0:00:01]} 37. Re1 {[%emt 0:00:06]} Bg5 {[%emt 0:00:19]} 38. Bg2 {[%emt 0:00:03]} Qh6 {[%emt 0:00:01]} 39. e4 {[%emt 0:00:04]} f4 {[%emt 0:00:37]} 40. gxf4 {[%emt 0:00:03]} Bxf4 {[%emt 0:00:00]} 41. h3 {[%emt 0:00:01]} Rh5 {[%emt 0:00:02]} 42. Rf1 {[%emt 0:00:09]} Rf6 {[%emt 0:00:09]} 43. Qb2 {[%emt 0:00:12]} gxh3 {[%emt 0:00:08]} 44. Bf3 {[%emt 0:00:04]} Be5 {[%emt 0:00:02]} 45. Qe2 {[%emt 0:00:01]} Rg5 {[%emt 0:00:05]} 46. Rg1 {[%emt 0:00:12]} Rxg1+ {[%emt 0:00:08]} 47. Kxg1 {[%emt 0:00:00]} Qg5+ {[%emt 0:00:28]} 48. Bg4 {[%emt 0:00:04]} Rg6 {[%emt 0:00:17]} 49. Rxh3+ {[%emt 0:00:03]} Kg7 {[%emt 0:00:00] Evgeny_Romanov Сдается (Lag: Av=0.51s, max=0.8s)} 0-1

[Event "ACP-Knockout-2020-Open R1"]
[Site "Emanuel Lasker Arena"]
[Date "2020.07.24"]
[Round "1.3"]
[White "GMIvanSalgado"]
[Black "Dosto07"]
[Result "1-0"]
[WhiteElo "1620"]
[BlackElo "1620"]
[Annotator "NA"]
[PlyCount "25"]
[EventDate "2020.07.24"]
[EventType "match (blitz)"]

1. Nc3 {[%emt 0:00:01]} e5 {[%emt 0:00:23]} 2. Nf3 {[%emt 0:00:09]} Nc6 {[%emt 0:00:05]} 3. d4 {[%emt 0:00:01]} exd4 {[%emt 0:00:03]} 4. Nxd4 {[%emt 0:00:00]} Nf6 {[%emt 0:00:04]} 5. Bg5 {[%emt 0:00:01]} h6 {[%emt 0:00:36]} 6. Bxf6 {[%emt 0:00:05]} Qxf6 {[%emt 0:00:02]} 7. Ndb5 {[%emt 0:00:01]} Bb4 {[%emt 0:00:23]} 8. Nxc7+ {[%emt 0:00:08]} Kd8 {[%emt 0:00:04]} 9. N7d5 {[%emt 0:00:04]} Bxc3+ {[%emt 0:00:26]} 10. Nxc3 {[%emt 0:00:03]} Re8 {[%emt 0:00:45]} 11. e3 {[%emt 0:00:20]} b6 {[%emt 0:01:00]} 12. Qd2 {[%emt 0:00:05]} Bb7 {[%emt 0:00:35]} 13. O-O-O {[%emt 0:00:03] Dosto07 resigns (Lag: Av=1.05s, max=1.4s)} 1-0

[Event "ACP-Knockout-2020-Open R1"]
[Site "Emanuel Lasker Arena"]
[Date "2020.07.24"]
[Round "1.4"]
[White "Crg"]
[Black "Evgeny_Romanov"]
[Result "0-1"]
[WhiteElo "2252"]
[BlackElo "1919"]
[PlyCount "50"]
[EventDate "2020.07.24"]
[EventType "match (blitz)"]

1. d4 {[%emt 0:00:02]} Nf6 {[%emt 0:00:04]} 2. Nf3 {[%emt 0:00:02]} b6 {[%emt 0:00:03]} 3. e3 {[%emt 0:00:01]} Bb7 {[%emt 0:00:02]} 4. Bd3 {[%emt 0:00:01]} g6 {[%emt 0:00:07]} 5. O-O {[%emt 0:00:01]} Bg7 {[%emt 0:00:01]} 6. c4 {[%emt 0:00:02]} e6 {[%emt 0:00:05]} 7. Nc3 {[%emt 0:00:03]} d5 {[%emt 0:00:02]} 8. b3 {[%emt 0:00:21]} O-O {[%emt 0:00:04]} 9. Ba3 {[%emt 0:00:03]} Re8 {[%emt 0:00:07]} 10. Rc1 {[%emt 0:00:00]} a6 {[%emt 0:00:39]} 11. Qe2 {[%emt 0:00:05]} Ne4 {[%emt 0:00:22]} 12. Bxe4 {[%emt 0:01:39]} dxe4 {[%emt 0:00:03]} 13. Nd2 {[%emt 0:00:00]} f5 {[%emt 0:00:03]} 14. f3 {[%emt 0:00:01]} exf3 {[%emt 0:00:04]} 15. Nxf3 {[%emt 0:00:00]} Nd7 {[%emt 0:00:21]} 16. e4 {[%emt 0:00:11]} c5 {[%emt 0:00:14]} 17. Rcd1 {[%emt 0:00:19]} cxd4 {[%emt 0:00:20]} 18. Nxd4 {[%emt 0:00:03]} Qc7 {[%emt 0:00:18]} 19. Kh1 {[%emt 0:00:12]} Nc5 {[%emt 0:00:58]} 20. exf5 {[%emt 0:00:20]} exf5 {[%emt 0:00:02]} 21. Qf2 {[%emt 0:00:00]} Rad8 {[%emt 0:00:19]} 22. Nd5 {[%emt 0:02:25]} Bxd5 {[%emt 0:02:41]} 23. cxd5 {[%emt 0:00:00]} Rxd5 {[%emt 0:02:06]} 24. Ne6 {[%emt 0:03:35]} Rxd1 {[%emt 0:00:04]} 25. Nxc7 {[%emt 0:00:03]} Nd3 {[%emt 0:00:01] Crg resigns (Lag: Av=0.54s, max=1.0s)} 0-1

[Event "ACP-Knockout-2020-Open R1"]
[Site "Emanuel Lasker Arena"]
[Date "2020.07.24"]
[Round "1.4"]
[White "Anastasia3003"]
[Black "Mikhail kobalia"]
[Result "1/2-1/2"]
[WhiteElo "1781"]
[BlackElo "2619"]
[Annotator "NA"]
[PlyCount "92"]
[EventDate "2020.07.24"]
[EventType "match (blitz)"]

1. e4 {[%emt 0:00:03]} c6 {[%emt 0:00:30]} 2. Nf3 {[%emt 0:00:05]} d5 {[%emt 0:00:01]} 3. exd5 {[%emt 0:00:01]} cxd5 {[%emt 0:00:01]} 4. Ne5 {[%emt 0:00:03]} Nc6 {[%emt 0:00:01]} 5. d4 {[%emt 0:00:03]} Qb6 {[%emt 0:00:02]} 6. c3 {[%emt 0:00:03]} Bf5 {[%emt 0:00:02]} 7. g4 {[%emt 0:00:14]} Be4 {[%emt 0:00:55]} 8. f3 {[%emt 0:00:18]} Bxb1 {[%emt 0:00:03]} 9. Rxb1 {[%emt 0:00:03]} e6 {[%emt 0:00:06]} 10. Bd3 {[%emt 0:00:24]} Nxe5 {[%emt 0:00:15]} 11. dxe5 {[%emt 0:00:02]} Ne7 {[%emt 0:00:01]} 12. Qe2 {[%emt 0:01:01]} Nc6 {[%emt 0:00:05]} 13. Kf1 {[%emt 0:00:21]} Be7 {[%emt 0:01:50]} 14. Kg2 {[%emt 0:00:10]} Qc7 {[%emt 0:00:14]} 15. Bf4 {[%emt 0:00:40]} h5 {[%emt 0:02:08]} 16. h3 {[%emt 0:01:24]} O-O-O {[%emt 0:00:33]} 17. Bg3 {[%emt 0:00:17]} Kb8 {[%emt 0:00:05]} 18. Rhc1 {[%emt 0:00:55]} Rc8 {[%emt 0:00:16]} 19. b4 {[%emt 0:00:14]} hxg4 {[%emt 0:00:27]} 20. fxg4 {[%emt 0:00:40]} Bg5 {[%emt 0:00:08]} 21. Rc2 {[%emt 0:00:05]} Ne7 {[%emt 0:00:13]} 22. b5 {[%emt 0:00:21]} b6 {[%emt 0:00:45]} 23. Qf2 {[%emt 0:01:47]} Ng6 {[%emt 0:00:10]} 24. Bxg6 {[%emt 0:00:07]} fxg6 {[%emt 0:00:02]} 25. h4 {[%emt 0:00:01]} Rcf8 {[%emt 0:00:38]} 26. Qe1 {[%emt 0:00:25]} Bf4 {[%emt 0:00:06]} 27. c4 {[%emt 0:00:17]} dxc4 {[%emt 0:00:12]} 28. Qe4 {[%emt 0:00:10]} Bxg3 {[%emt 0:00:15]} 29. Kxg3 {[%emt 0:00:02]} Qc5 {[%emt 0:00:22]} 30. Rd1 {[%emt 0:00:26]} Rf7 {[%emt 0:00:16]} 31. Qd4 {[%emt 0:00:47]} Qxb5 {[%emt 0:00:36]} 32. Qd6+ {[%emt 0:00:33]} Rc7 {[%emt 0:00:04]} 33. Rd4 {[%emt 0:00:12]} Kb7 {[%emt 0:00:08]} 34. Qxe6 {[%emt 0:00:24]} Re8 {[%emt 0:00:04]} 35. Qd5+ {[%emt 0:00:01]} Qxd5 {[%emt 0:00:07]} 36. Rxd5 {[%emt 0:00:00]} c3 {[%emt 0:00:09]} 37. Kf4 {[%emt 0:00:05]} a6 {[%emt 0:00:29]} 38. Kg5 {[%emt 0:00:02]} Re6 {[%emt 0:00:02]} 39. Rd6 {[%emt 0:00:09]} Rxe5+ {[%emt 0:00:10]} 40. Kxg6 {[%emt 0:00:01]} Re4 {[%emt 0:00:03]} 41. Kh5 {[%emt 0:00:04]} b5 {[%emt 0:00:05]} 42. a3 {[%emt 0:00:04]} a5 {[%emt 0:00:06]} 43. Rd5 {[%emt 0:00:07]} Kb6 {[%emt 0:00:02]} 44. Rd6+ {[%emt 0:00:01]} Kb7 {[%emt 0:00:09]} 45. Rd5 {[%emt 0:00:02]} Kb6 {[%emt 0:00:02]} 46. Rd6+ {[%emt 0:00:01]} Kb7 {[%emt 0:00:01] (Lag: Av=0.28s, max=1.1s)} 1/2-1/2

[Event "ACP-Knockout-2020-Open R1"]
[Site "Emanuel Lasker Arena"]
[Date "2020.07.24"]
[Round "1.4"]
[White "Dosto07"]
[Black "GMIvanSalgado"]
[Result "1/2-1/2"]
[WhiteElo "1530"]
[BlackElo "1711"]
[Annotator "NA"]
[PlyCount "60"]
[EventDate "2020.07.24"]
[EventType "match (blitz)"]

1. e4 {[%emt 0:00:17]} c6 {[%emt 0:00:05]} 2. d4 {[%emt 0:00:04]} d5 {[%emt 0:00:01]} 3. Nc3 {[%emt 0:00:00]} dxe4 {[%emt 0:00:00]} 4. Nxe4 {[%emt 0:00:01]} Nf6 {[%emt 0:00:01]} 5. Nxf6+ {[%emt 0:00:01]} exf6 {[%emt 0:00:00]} 6. c3 {[%emt 0:00:01]} Bd6 {[%emt 0:00:03]} 7. Bd3 {[%emt 0:00:11]} O-O {[%emt 0:00:02]} 8. Ne2 {[%emt 0:00:01]} Qc7 {[%emt 0:00:07]} 9. Qc2 {[%emt 0:00:16]} h6 {[%emt 0:00:01]} 10. Be3 {[%emt 0:02:41]} Be6 {[%emt 0:00:17]} 11. h3 {[%emt 0:00:36]} Nd7 {[%emt 0:00:07]} 12. O-O {[%emt 0:00:32]} Rfe8 {[%emt 0:00:02]} 13. c4 {[%emt 0:00:37]} Nf8 {[%emt 0:00:40]} 14. Rad1 {[%emt 0:00:16]} Ng6 {[%emt 0:00:24]} 15. c5 {[%emt 0:01:25]} Bf8 {[%emt 0:00:12]} 16. Bxg6 {[%emt 0:01:28]} fxg6 {[%emt 0:00:00]} 17. Qxg6 {[%emt 0:00:10]} Bxa2 {[%emt 0:00:10]} 18. Nf4 {[%emt 0:00:50]} Bf7 {[%emt 0:00:15]} 19. Qg4 {[%emt 0:00:13]} Rad8 {[%emt 0:00:20]} 20. b4 {[%emt 0:00:29]} a6 {[%emt 0:00:15]} 21. h4 {[%emt 0:00:02]} Qd7 {[%emt 0:00:14]} 22. Qg3 {[%emt 0:00:29]} h5 {[%emt 0:00:14]} 23. Rfe1 {[%emt 0:00:26]} Qf5 {[%emt 0:00:12]} 24. Rd2 {[%emt 0:00:24]} Re4 {[%emt 0:00:10]} 25. Red1 {[%emt 0:00:07]} Kh7 {[%emt 0:00:24]} 26. Rd3 {[%emt 0:00:23]} Rd7 {[%emt 0:00:09]} 27. Bc1 {[%emt 0:00:01]} Re8 {[%emt 0:00:32]} 28. Be3 {[%emt 0:00:05]} Re4 {[%emt 0:00:07]} 29. Bc1 {[%emt 0:00:05]} Re8 {[%emt 0:00:01]} 30. Be3 {[%emt 0:00:05]} Re4 {[%emt 0:00:01] (Lag: Av=0.93s, max=1.3s)} 1/2-1/2